| 000 | 00636cam a22002171 4500 | ||
|---|---|---|---|
| 001 | ca 35000536 | ||
| 003 | DLC | ||
| 005 | 20260227111138.0 | ||
| 008 | 890512s1935 mau 000 0 eng | ||
| 010 | _aca 35000536 | ||
| 035 | _a(OCoLC)19696653 | ||
| 040 |
_aDLC _cRPB _dRPB _dOCoLC _dDLC |
||
| 042 | _apremarc | ||
| 050 | 0 | 0 |
_aPS3525.I538 _bH4 1935 |
| 082 | _a812.5 | ||
| 100 | 1 |
_aMiller, Francesca Falk, _d1888-1969. |
|
| 245 | 1 | 0 |
_aHe didn't like spinach; _ba comedy in one act, _cby Francesca Falk, Miller ... |
| 260 |
_aBoston, _bWalter H. Baker Company _c[c1935] |
||
| 300 |
_a40 p. _c19 cm. |
||
| 490 | 0 | _aBaker's royality plays | |
| 999 |
_c17840 _d17840 |
||